The calculus of variations /
Guardado en:
| Autor Principal: | |
|---|---|
| Formato: | Libro |
| Idioma: | English |
| Publicado: |
New York :
Springer,
c2004.
|
| Series: | Universitext
|
| Materias: | |
| Etiquetas: |
Agregar Etiqueta
Sin Etiquetas, Sea el primero en etiquetar este registro!
|
| LEADER | 00698cam a22002174a 4500 | ||
|---|---|---|---|
| 001 | MAT.inmabb004030 | ||
| 008 | 030428s2004####nyua#####b####001#0#eng## | ||
| 005 | 20130309105020.0 | ||
| 245 | 1 | 4 | |a The calculus of variations / |c Bruce van Brunt. |
| 260 | |a New York : |b Springer, |c c2004. | ||
| 300 | |a xiii, 290 p. : |b il. ; |c 24 cm. | ||
| 490 | 0 | |a Universitext | |
| 504 | |a Incluye referencias bibliográficas (p. [283]-285) e índice. | ||
| 510 | 4 | |a MR, |c 2004m:49001 | |
| 020 | |a 0387402470 | ||
| 100 | 1 | |a Van Brunt, B. |q (Bruce) | |
| 650 | 0 | |a Calculus of variations. | |
| 084 | |a 49-01 (49J05 49K05 70H25) |2 msc2000 | ||
| 010 | |a 2003050661 | ||
| 040 | |a DLC |c DLC |d DLC | ||
| 859 | |h 49 |i V219 |p A-8395 |b BIB. MATEMATICA | ||
